000 02525cam a22005414i 4500
003 PE-LiUPU
005 20250731173546.0
008 150616s r 000 0 d
020 _a0809130580
035 _a(Sirsi) i9780809130580
040 _aPE-LiUPU
_bspa
_cPE-LiUPU
_erda
049 _aPRUA
082 0 4 _a226.406
_bF58
_221
100 1 _aFitzmyer, Joseph A.,
_eautor.
245 1 0 _aLuke the Theologian :
_bAspects of his Teaching /
_cJoseph A. Fitzmyer.
264 1 _aMahwah, New Jersey :
_bPaulist Press,
_c1989.
300 _a250 páginas ;
_c20 centímetros
336 _atext
_2rdacontent
337 _aunmediated
_2rdamedia
338 _avolume
_2rdacarrier
504 _aIncluye bibliografía.
505 0 _aThe authorship of Luke-Acts reconsidered -- Problems in the Lucan Infancy Narrative -- Mary in Lucan salvation history -- The lucan pcture of the John baptist as precursor of the lord -- Discipleship in the lucan writings -- Satan and demons in Luke-Acts -- The jewish people and the mosaic law in Luke-Acts -- "Today you shall be with me in paradise" (Luke 23:43).
526 _aSEG42
526 _aSEG41
526 _aSEG40
526 _aSEG39
526 _aP94
526 _aP87
526 _aP86
526 _aP85
526 _aP77
526 _aP76
526 _aP35
630 _aBiblia.
_pN.T.
_xComentarios.
910 _ajck
_bjvq
_cjck
942 _2ddc
_cBOOK
949 _a226.406 F58
_wDEWEY
_c1
_i37966
_lCCODEBUL1
_mBUL
_r0
_sY
_tBOOK
_u2015-6-16
_xTEOLOGIA
_zUNKNOWN
_0COMPRA
_o.STAFF. Colección General
949 _a226.406 F58
_wDEWEY
_c2
_i39879
_mBUL
_r0
_sY
_tBOOK
_u2015-4-23
_xBIBLIOTECA
_zUNKNOWN
_0COMPRA
_o.STAFF. Colección General
949 _a226.406 F58
_wDEWEY
_c3
_i42772
_lCCODEBUL1
_mBUL
_r0
_sY
_tBOOK
_u2015-4-23
_xTEOLOGIA
_zUNKNOWN
_0COMPRA
_o.STAFF. Colección General
994 _aC0
_bPEPRU
596 _a1
999 _a226.406 F58
_wDEWEY
_c60735
_i37966
_d60735
_f2021-11-9
_g5
_lCCODEBUL1
_mBUL
_q1
_r0
_sY
_tBOOK
_u2015-6-16
_xTEOLOGIA
_zUNKNOWN
_0COMPRA
_o.STAFF. Colección General
999 _a226.406 F58
_wDEWEY
_c2
_i39879
_f2021-11-9
_g5
_lCCODEBUL1
_mBUL
_r0
_sY
_tBOOK
_u2015-4-23
_xTEOLOGIA
_zUNKNOWN
_0COMPRA
_o.STAFF. Colección General
999 _a226.406 F58
_wDEWEY
_c3
_i42772
_f2021-11-9
_g6
_lCCODEBUL1
_mBUL
_r0
_sY
_tBOOK
_u2015-4-23
_xTEOLOGIA
_zUNKNOWN
_0COMPRA
_o.STAFF. Colección General
980 _81
_gALBERTO SANCHEZ Responsable de Automatización